000 01095nam a2200289 i 4500
005 20260412134109.0
008 260412s2025 my a br 000 0 may d
020 _a9786299554608
_cRM33.00
_qpaperback
040 _aPPAK
_beng
_cPPAK
_erda
082 0 4 _223
_a297.576
090 0 0 _a297.576
_bYUM
_dK
100 0 _aYumi Zuhanis Has-Yun Hashim,
_d1977-,
_eauthor.
245 1 0 _aLILI DAN LASARUS MENCARI YANG HALAL /
_cYumi Zuhanis Has-Yun Hashim, Noriah Ramli dan Khadijah Othman
264 1 _aBandar Puncak Alam, Selangor :
_bYZ Lestari Niaga,
_c[2025?]
300 _a48 pages :
_bcolour illustrations ;
_c30 cm
336 _atext
_2rdacontent
337 _aunmediated
_2rdamedia
338 _avolume
_2rdacarrier
650 1 0 _aHalal food
_vJuvenile literature
650 2 0 _aMuslims
_xDietry laws
_vJuvenile literature
650 2 0 _aFood
_xReligious aspects
_xIslam
_vJuvenile literature
650 2 0 _aHalal food industry
650 2 0 _aIslamic cooking
700 0 _aNoriah Ramli,
_eauthor.
700 0 _aKhadijah Othman,
_eauthor.
942 _2ddc
_cB
999 _c203803
_d203803